| 000 | 00697nam a22002177a 4500 | ||
|---|---|---|---|
| 005 | 20251108173328.0 | ||
| 008 | 250721s1999 xx 000 0 ara d | ||
| 082 | 1 | 4 | _aط/525.3/مطل |
| 100 | 1 | _aمطلق، ألبير | |
| 245 | 1 | 0 | _aالنهار و الليل / |
| 264 | 1 |
_aبيروت : _bمكتبة لبنان ناشرون، _c1999. |
|
| 300 | _a32 ص. : مص. | ||
| 490 | 0 |
_aكتب الفراشة : دنيا العلوم للأطفال _v2 |
|
| 650 | 1 | 7 | _aدوران الأرض |
| 650 | 1 | 7 | _aالتغيرات اليومية |
| 653 | _aالليل | ||
| 653 | _aالنهار | ||
| 653 | _aأطفال مرحلة متوسطة (6-9 سنوات) | ||
| 942 |
_2ddc _cBK |
||
| 999 |
_c101374 _d101374 |
||